UBT Library

The Automated anesthesia record and alarm systems / (Record no. 47389)

000 -LEADER
fixed length control field 00668cam a2200229 a 4500
001 - CONTROL NUMBER
control field 2406110
005 - DATE AND TIME OF LATEST TRANSACTION
control field 20180829043330.0
008 - FIXED-LENGTH DATA ELEMENTS--GENERAL INFORMATION
fixed length control field 860820s1987 maua b 101 0 eng c
010 ## - LIBRARY OF CONGRESS CONTROL NUMBER
LC control number 86021601
020 ## - INTERNATIONAL STANDARD BOOK NUMBER
International Standard Book Number 0409900249
040 ## - CATALOGING SOURCE
Original cataloging agency DNLM/DLC
Transcribing agency DLC
Modifying agency DLC
041 ## - LANGUAGE CODE
Language code of text/sound track or separate title eng
060 ## - NATIONAL LIBRARY OF MEDICINE CALL NUMBER
Classification number WO 240 A939 1985
080 ## - UNIVERSAL DECIMAL CLASSIFICATION NUMBER
Universal Decimal Classification number 617.96
082 00 - DEWEY DECIMAL CLASSIFICATION NUMBER
Classification number 617.96
Edition number 19
100 ## - Rafti
Rafti 6
101 ## - Shkurtesa
Shkurtesa ANE
245 04 - TITLE STATEMENT
Title The Automated anesthesia record and alarm systems /
Statement of responsibility, etc edited by Joachim S. Gravenstein ... [et al.] ; with 37 contributing authors.
504 ## - BIBLIOGRAPHY, ETC. NOTE
Bibliography, etc Includes bibliographies and index.
906 ## - LOCAL DATA ELEMENT F, LDF (RLIN)
a 7
b cbc
c orignew
d 1
e ocip
f 19
g y-gencatlg
942 ## - ADDED ENTRY ELEMENTS (KOHA)
Source of classification or shelving scheme
Item type Books
Holdings
Withdrawn status Lost status Source of classification or shelving scheme Damaged status Not for loan Collection code Permanent location Current location Shelving location Date acquired Total Checkouts Full call number Barcode Date last seen Price effective from Koha item type
          Koleksioni i përgjithshem UBT - Lipjan UBT - Lipjan Koleksioni i përgjithshem 08/29/2018   617.96 GRA 002-3011958 08/29/2018 08/29/2018 Books
UBT Library © 2015-2024. All rights reserved University Education for Business and Technology